000 00399nam a2200133Ia 4500
005 20260328101457.0
008 260328s9999||||xx |||||||||||||| ||und||
100 _aUribe González, Mauricio
245 0 _aLa Casa Grande :
_b Un Centro Cultural comunitario en cada municipio del País /
_cMauricio Uribe González
260 _bCEAM
300 _a45 p.
650 _aARQUITECTURA REGIONAL
942 _cBK
999 _c8870
_d8870